| 000 | 00795nam a22002537i 4500 | ||
|---|---|---|---|
| 003 | URS | ||
| 005 | 20220117094552.0 | ||
| 008 | 170605b xxu||||| |||| 00| 0 eng d | ||
| 020 | _a0495506427 | ||
| 040 |
_aDSWCD _erda _cURS _beng |
||
| 050 | 0 | 0 |
_aHV 45 _bZ192 2009 |
| 100 | 1 |
_aZastrow, Charles H., _eauthor |
|
| 245 | 1 | 0 |
_aSocial work with groups : _ba comprehensive workbook / _cCharles H. Zastrow. |
| 250 | _a7th ed. | ||
| 264 | 1 |
_aBelmont, CA : _bBrooks/Cole, _c[2009] |
|
| 264 | 4 | _c©2009 | |
| 300 |
_axvii, 475 pages : _billustrationss _c28 cm. |
||
| 336 |
_2rdacontent _atext |
||
| 337 |
_2rdamedia _aunmediated |
||
| 338 |
_2rdacarrier _avolume |
||
| 504 | _aIncludes notes, appendix and index | ||
| 650 |
_aSocial group work _xStudy and teaching _zUnited States. |
||
| 942 |
_2lcc _cFR |
||
| 999 |
_c11391 _d11391 |
||